| 000 | 00510nam a22001817a 4500 | ||
|---|---|---|---|
| 003 | OSt | ||
| 005 | 20140310182959.0 | ||
| 008 | 130208t xxu||||| |||| 00| 0 eng d | ||
| 020 | _a9712304396 | ||
| 050 |
_aLB 2806 _b.Aq66 1999 |
||
| 100 | _aAquino, Gaudencio V. | ||
| 245 |
_aEducational administration : _b Theory and practice / _cGaudencio V. Aquino |
||
| 260 |
_aManila : _bRex Book Store, _c1999. |
||
| 300 |
_ax, 611 p. : _bill. ; _c23 cm. |
||
| 521 | _aEDU | ||
| 942 |
_2lcc _cBK _kLOC |
||
| 999 |
_c18078 _d18078 |
||